000 06064nam a22005297a 4500
005 20111212113139.0
010 _aB-481707-735
020 _a9781445431390
_c250.00
035 _aB-481707-735
037 _bBlue Berry/Ven
082 _a032.02
245 _aAmazing q & a encyclopedia /
260 _aU K
_bParragon
_c2011
270 _aQueen Street house 4 Queen Street Bath Bai THE,
_bU K
300 _a144p.
_bill
_c25cm(Hb)
942 _2ddc
_cCH
_mAMA
_h032.02
999 _c62929
_d62929